Urban Design, Telecommuting, and Travel Forecasting Conference, October 27-30, 1996, Williamsburg, Virginia : summary, recommendations, and compendium of papers /

Bibliographic Details
Corporate Authors: Urban Design, Telecommuting, and Travel Forecasting Conference Williamsburg, Va., Travel Model Improvement Program (U.S.), Technology Sharing Program (U.S.)
Other Authors: Day, Lisa G.
Format: Government Document Conference Proceeding Microform Book
Language:English
Published: [Washington, D.C.] : U.S. Dept. of Transportation : U.S. Environmental Protection Agency, [1997]
Subjects:

MARC

Tag First Indicator Second Indicator Subfields
LEADER 00000cam a2200000 a 4500
001 in00000001315
005 20151007050407.0
007 he bmb024bbca
008 981119s1997 dcua bbs f100 0 eng d
035 |a (OCoLC)40348993 
035 |9 AJB1784AM 
040 |a GPO  |c GPO  |d DLC  |d MvI  |d UtOrBLW 
043 |a n-us--- 
049 |a UMIC 
074 |a 0982-G-11 (MF) 
086 0 |a TD 2.30/16:98-027 
088 |a DOT-T-98-2 
088 |a Publication no. FHWA-PD-98-027 
088 |a HEP-20/6-98 (1.5 M) EW 
111 2 |a Urban Design, Telecommuting, and Travel Forecasting Conference  |d (1996 :  |c Williamsburg, Va.) 
245 1 0 |a Urban Design, Telecommuting, and Travel Forecasting Conference, October 27-30, 1996, Williamsburg, Virginia :  |b summary, recommendations, and compendium of papers /  |c prepared by Lisa G. Day. 
264 1 |a [Washington, D.C.] :  |b U.S. Dept. of Transportation :  |b U.S. Environmental Protection Agency,  |c [1997] 
300 |a ii, 288 pages :  |b illustrations ;  |c 28 cm. 
336 |a text  |b txt  |2 rdacontent 
337 |a microform  |b h  |2 rdamedia 
338 |a microfiche  |b he  |2 rdacarrier 
500 |a "Prepared for US Department of Transportation, Federal Transit Administration, Federal Highway Administration, Office of the Secretary; US Environmental Protection Agency." 
500 |a "Travel Model Improvement Program"--Cover. 
500 |a "Technology Sharing, a program of the U.S. Department of Transportation"--P. [4] of cover. 
500 |a Shipping list number: 98-1000-M. 
500 |a "November 1997." 
504 |a Includes bibliographical references. 
500 |a DOT-T-98-2"--1st prelim. p." 
500 |a "Publication number FHWA-PD-98-027"--P. [4] of cover. 
500 |a "HEP-20/6-98(1.5M)EW"--P. [4] of cover. 
533 |a Microfiche.  |b [Washington, D.C.] :  |c Supt. of Docs., U.S. G.P.O.,  |d [1998]  |e 4 microfiches : negative. 
500 |a Microform. 
650 0 |a Urban transportation  |z United States  |x Planning  |x Congresses. 
650 0 |a Telecommuting  |z United States  |x Congresses. 
650 0 |a City planning  |z United States  |v Congresses. 
700 1 |a Day, Lisa G. 
710 2 |a Travel Model Improvement Program (U.S.) 
710 2 |a Technology Sharing Program (U.S.) 
999 |a MARS 
999 f f |s cb9553c6-a7f3-38ed-8c7d-b8d254a4027d  |i ae92516a-5fc7-302e-a901-544fd92f5281  |t 0 
952 f f |p normal  |a Texas A&M University  |b College Station  |c Sterling C. Evans Library  |d Evans: US Documents Microfiche (3rd floor)  |t 0  |e TD 2.30/16:98-027  |h Superintendent of Documents classification  |i microform -- microfiche  |m A14824379363 
952 f f |a Texas A&M University  |b College Station  |c Sterling C. Evans Library  |d Evans: Library Stacks  |t 0  |h No information provided 
998 f f |a TD 2.30/16:98-027  |t 0  |l Evans: US Documents Microfiche (3rd floor) 
998 f f |t 0  |l Evans: Library Stacks